000 00964nam a2200265Ia 4500
003 OSt
005 20221005111614.0
006 a|||||r|||| 00| 0
007 ta
008 221004b |||||||| |||| 00| 0 hin d
020 _a9788176753098 (hbk)
_cINR 300.00
024 _a29453
037 _b276, 03/03/2017, Eastern Book Linkers
_cTextual
040 _aCRL
_cCRL
_bhin
041 _2hin
_ahin
082 _aO152,6N76x, Q1
100 _aप्रियम अंकित, ले.
245 0 _aपूर्वाग्रहों के विरूद्ध
246 _aPūrvāgrahoan ke virūddha
260 _aपंचकूला
_bआधार प्रकाशन भारत
_c2011
300 _a224पृ0
_ccm.
650 _aहिन्दी निबंध
942 _hO152,6N76x, Q1
_cTEXL
_2cc
999 _c1022324
_d1022324